Sports Quiz

Random Sports or Football Quiz

Stanford Football 2013 Quiz Stats

Quiz not verified by Sporcle

Challenge
Share
Tweet
Embed
Score 0/64 Timer 06:00
0 Plays Today
Hint Answer % Correct
8 (QB)Kevin Hogan
70%
7 (WR)Ty Montgomery
65%
25 (RB)Tyler Gaffney
62.5%
19 (PK)Jordan Williamson
60%
32 (RB)Anthony Wilkerson
57.5%
91 (DE)Henry Anderson
55%
11 (ILB)Shayne Skov
55%
29 (FS)Ed Reynolds
55%
8 (SS)Jordan Richards
55%
89 (WR)Devon Cajuste
52.5%
85 (FB)Ryan Hewitt
52.5%
93 (OLB) Trent Murphy
52.5%
9 (OLB)James Vaughters
50%
2 (CB)Wayne Lyons
50%
26 (RB)Barry Sanders
50%
3 (WR)Michael Rector
47.5%
24 (FB)Patrick Skov
47.5%
25 (CB)Alex Carter
47.5%
70 (LT)Andrus Peat
45%
5 (QB)Evan Crower
45%
58 (DT)David Parry
45%
17 (ILB)AJ Tarpley
45%
14 (P)Ben Rhyne
45%
39 (WR)Kelsey Young
42.5%
90 (DE)Josh Mauro
42.5%
49 (DE)Ben Gardner
42.5%
2 (QB)Dallas Lloyd
42.5%
7 (DE)Aziz Shittu
40%
48 (OLB)Kevin Anderson
40%
35 (ILB)Jarek Lancaster
40%
4 (ILB)Blake Martinez
40%
5 (FS)Devon Carrington
40%
Hint Answer % Correct
15 (NB)Usua Amanam
40%
3 (OLB)Noor Davis
40%
54 (LG)David Yankey
37.5%
65 (C)Khalil Wilkes
37.5%
76 (RG)Kevin Danser
37.5%
73 (RT)Cameron Fleming
37.5%
22 (RB)Remound Wright
37.5%
30 (RB)Ricky Seale
37.5%
87 (WR)Jordan Pratt
35%
99 (TE)Luke Kaumatule
35%
36 (FB)Lee Ward
35%
43 (OLB)Blake Lueders
35%
31 (CB)Barry Browning
35%
10 (SS)Zach Hoffpauir
35%
23 (NB)Ronnie Harris
35%
78 (LT)Kyle Murphy
32.5%
51 (LG)Joshua Garnett
32.5%
94 (DT)Ikenna Nwafor
32.5%
9 (WR)Kodi Whitfield
30%
83 (TE)Davis Dudchock
30%
61 (C)Conor McFadden
27.5%
86 (TE)Charlie Hopkins
27.5%
34 (PK/P)Conrad Ukropina
27.5%
18 (WR)Jeff Trojan
27.5%
23 (RB)Jackson Cummings
27.5%
67 (LS)Reed Miller
25%
57 (RG)Johnny Caspers
22.5%
40 (ILB)Joe Hemschoot
22.5%
22 (SS)Kyle Olugbode
20%
20 (WR)Keanu Nelson
20%
74 (RT)Brendon Austin
17.5%
96 (TE)Eddie Plantaric
7.5%

You're not logged in!

Compare scores with friends on all Sporcle quizzes.
Sign Up with Email
OR
Log In

You Might Also Like...

Show Comments

Extras

Top Quizzes Today


Score Distribution

Your Account Isn't Verified!

In order to create a playlist on Sporcle, you need to verify the email address you used during registration. Go to your Sporcle Settings to finish the process.

Report this User

Report this user for behavior that violates our Community Guidelines.

Details: